[Event "Goiania FEXEG Cup"]
[Site "Goiania"]
[Date "2017.10.28"]
[Round "3"]
[White "Vieira Junior, Emivaldo"]
[Black "De Souza Sa, Apolo"]
[Result "0-1"]
[WhiteElo "1921"]
[BlackElo "1813"]
[PlyCount "80"]
[EventDate "2017.10.27"]
[EventType "swiss"]
[EventRounds "6"]
[EventCountry "BRA"]
[SourceTitle "CBM 181 Extra"]
[Source "ChessBase"]
[SourceDate "2017.12.12"]
[SourceVersion "1"]
[SourceVersionDate "2017.12.12"]
[SourceQuality "1"]

1. f4 d5 2. b3 Bf5 3. Bb2 Nf6 4. Nf3 e6 5. e3 Be7 6. Bb5+ c6 7. Bd3 Bxd3 8. cxd3 Na6 9. Nc3 Nb4 10. Qb1 c5 11. Ne2 a5 12. 0-0 0-0 13. Ne5 Nd7 14. Nxd7 Qxd7 15. Rf3 Qb5 16. Nc1 a4 17. Rg3 f6 18. Rh3 a3 19. Bc3 f5 20. Bxb4 Qxb4 21. Qc2 Rac8 22. Rb1 Bf6 23. Rf3 Rc6 24. h3 Rb6 25. g4 g6 26. g5 Bg7 27. h4 Kf7 28. Ne2 Rc6 29. Kg2 h6 30. e4 dxe4 31. dxe4 Qxe4 32. d3 Qd5 33. Qc1 hxg5 34. fxg5 Rh8 35. Nf4 Qd4 36. h5 Be5 37. Qc4 Bxf4 38. hxg6+ Kxg6 39. Rxf4 Qxc4 40. Rxc4 Rd8 0-1

[Event "Goiania zt"]
[Site "Goiania"]
[Date "2017.08.18"]
[Round "1"]
[White "Vieira Junior, Emivaldo"]
[Black "Franca, Jairo"]
[Result "1-0"]
[WhiteElo "1921"]
[BlackElo "1624"]
[PlyCount "115"]
[EventDate "2017.08.18"]
[EventType "swiss"]
[EventRounds "6"]
[EventCountry "BRA"]
[SourceTitle "CBM 180 Extra"]
[Source "ChessBase"]
[SourceDate "2017.10.06"]
[SourceVersion "1"]
[SourceVersionDate "2017.10.06"]
[SourceQuality "1"]

1. e4 c5 2. d4 cxd4 3. Nf3 Nc6 4. Nxd4 Nf6 5. Nc3 e6 6. Bg5 Be7 7. Be2 0-0 8. Qd2 Re8 9. f4 d6 10. 0-0-0 Nd7 11. Bxe7 Nxe7 12. Ndb5 d5 13. Nd6 Rf8 14. exd5 exd5 15. Nxd5 Nxd5 16. Qxd5 Nb6 17. Qh5 Qf6 18. Qg5 Qe6 19. Bd3 h6 20. Qe5 Qxa2 21. b3 Nd7 22. Qb2 Qxb2+ 23. Kxb2 Nc5 24. Bc4 Be6 25. f5 Bxc4 26. Nxc4 Ne4 27. Rd7 b6 28. Re1 Nc5 29. Rde7 b5 30. Nd6 b4 31. Rc7 Na6 32. Rc6 Nb8 33. Rc7 Na6 34. Rc6 Nb8 35. Rc4 a5 36. f6 g6 37. Re7 Ra6 38. Nxf7 Nc6 39. Nxh6+ Kh8 40. Re6 Nb8 41. Rxa6 Nxa6 42. Rc6 Nb8 43. Rd6 Kh7 44. Ng4 g5 45. Rd5 Nc6 46. Rxg5 Rf7 47. Rc5 Rc7 48. Ne5 Nxe5 49. Rxc7+ Kg6 50. Rc5 Ng4 51. h3 Nxf6 52. Rc6 Kg5 53. Rxf6 Kxf6 54. c3 Kg5 55. cxb4 axb4 56. g4 Kh4 57. Kc2 Kg5 58. Kd3 1-0

[Event "Goiania op"]
[Site "Goiania"]
[Date "2017.05.26"]
[Round "1"]
[White "Muniz, Bernardo Cunha"]
[Black "Vieira Junior, Emivaldo"]
[Result "0-1"]
[WhiteElo "1330"]
[BlackElo "1925"]
[PlyCount "60"]
[EventDate "2017.05.26"]
[EventType "swiss"]
[EventRounds "6"]
[EventCountry "BRA"]
[SourceTitle "CBM 178 Extra"]
[Source "ChessBase"]
[SourceDate "2017.06.22"]
[SourceVersion "1"]
[SourceVersionDate "2017.06.22"]
[SourceQuality "1"]

1. e4 e6 2. Nf3 d5 3. Ne5 dxe4 4. g3 Nd7 5. Bg2 Nxe5 6. 0-0 Nf6 7. f4 Neg4 8. Nc3 Qd4+ 9. Kh1 Bc5 10. h3 h5 11. Nb5 Qg1+ 12. Rxg1 Nf2+ 13. Kh2 N6g4+ 14. hxg4 hxg4+ 15. Bh3 Rxh3+ 16. Kg2 Nxd1 17. Rxd1 Bb6 18. d4 exd3 19. Rxd3 Bd7 20. f5 Bc6+ 21. Kf1 Bxb5 22. c4 Bxc4 23. Kg2 Bxd3 24. Bg5 Be4+ 25. Kf1 Rh1+ 26. Ke2 Rxa1 27. b3 Rxa2+ 28. Kd1 Rd8+ 29. Kc1 Rc2+ 30. Kb1 Rd1+ 0-1

[Event "Goiania Gomes Memorial"]
[Site "Goiania"]
[Date "2014.12.06"]
[Round "7"]
[White "Amaro, Jose Roberto"]
[Black "Vieira Junior, Emivaldo"]
[Result "0-1"]
[WhiteElo "1856"]
[BlackElo "1924"]
[PlyCount "120"]
[EventDate "2014.11.29"]
[EventType "tourn"]
[EventRounds "9"]
[EventCountry "BRA"]
[SourceTitle "CBM 163 Extra"]
[Source "ChessBase"]
[SourceDate "2014.12.23"]
[SourceVersion "1"]
[SourceVersionDate "2014.12.23"]
[SourceQuality "1"]

1. e4 c5 2. c3 Nf6 3. e5 Nd5 4. d4 cxd4 5. Nf3 e6 6. cxd4 d6 7. Nc3 Nxc3 8. bxc3 d5 9. Bd3 Be7 10. 0-0 b6 11. Qa4+ Bd7 12. Qc2 h6 13. Be3 Nc6 14. h3 Rc8 15. Nd2 Na5 16. a3 0-0 17. f4 Qe8 18. f5 exf5 19. Bxf5 Bxf5 20. Rxf5 Qd7 21. Rh5 Rc6 22. Qa4 Qe6 23. Qc2 Rfc8 24. Nb1 Qg6 25. Rf5 Nc4 26. Bc1 b5 27. Rf2 Qxc2 28. Rxc2 f6 29. exf6 Bxf6 30. Re2 Nb6 31. Bd2 Na4 32. Ra2 Rxc3 33. Bxc3 Nxc3 34. Nxc3 Bxd4+ 35. Kf1 Bxc3 36. Re7 a5 37. Ke2 b4 38. axb4 axb4 39. Rb7 Re8+ 40. Kd3 Re1 41. Rf2 d4 42. Rf3 h5 43. Rb5 h4 44. g4 Rd1+ 45. Kc2 Rd2+ 46. Kb3 Rg2 47. Kc4 Rg3 48. Rbf5 Rg1 49. g5 Kh7 50. R5f4 Kg6 51. Rxh4 Rb1 52. Rxd4 Bxd4 53. Kxd4 Kxg5 54. Kc4 Kh5 55. Kd3 b3 56. Ke2 b2 57. Rb3 Rh1 58. Rb5+ g5 59. h4 b1Q 60. Rxg5+ Kxh4 0-1

[Event "Goiania Gomes Memorial"]
[Site "Goiania"]
[Date "2014.12.06"]
[Round "6"]
[White "Vieira Junior, Emivaldo"]
[Black "Froes, Leonardo Sanches"]
[Result "1/2-1/2"]
[WhiteElo "1924"]
[BlackElo "1961"]
[PlyCount "83"]
[EventDate "2014.11.29"]
[EventType "tourn"]
[EventRounds "9"]
[EventCountry "BRA"]
[SourceTitle "CBM 163 Extra"]
[Source "ChessBase"]
[SourceDate "2014.12.23"]
[SourceVersion "1"]
[SourceVersionDate "2014.12.23"]
[SourceQuality "1"]

1. f4 d5 2. b3 Nf6 3. Nf3 g6 4. Bb2 Bg7 5. e3 0-0 6. a4 c5 7. Be2 Nc6 8. 0-0 Qc7 9. Bb5 Bg4 10. Bxc6 Qxc6 11. h3 Bxf3 12. Qxf3 Rac8 13. d3 c4 14. dxc4 dxc4 15. Qxc6 Rxc6 16. Na3 cxb3 17. cxb3 Rb6 18. Bxf6 Bxf6 19. Rab1 Rd8 20. Nc4 Rb4 21. e4 Bd4+ 22. Kh1 Bc5 23. f5 Rd3 24. fxg6 hxg6 25. Ne5 Rdxb3 26. Rxb3 Rxb3 27. Nxf7 Rb4 28. e5 Rxa4 29. g4 Re4 30. g5 e6 31. Nh6+ Kh8 32. Rf6 b5 33. Rxe6 b4 34. Rc6 Be3 35. e6 Kg7 36. Ng4 Bxg5 37. Rc7+ Kf8 38. Rf7+ Ke8 39. Rxa7 Rxe6 40. Rb7 Be7 41. Kg2 Kd8 42. Kf3 1/2-1/2

[Event "Goiania Gomes Memorial"]
[Site "Goiania"]
[Date "2014.12.05"]
[Round "5"]
[White "Vieira Junior, Emivaldo"]
[Black "Santos, Abel Cardoso Dos"]
[Result "1-0"]
[WhiteElo "1924"]
[BlackElo "1719"]
[PlyCount "143"]
[EventDate "2014.11.29"]
[EventType "tourn"]
[EventRounds "9"]
[EventCountry "BRA"]
[SourceTitle "CBM 163 Extra"]
[Source "ChessBase"]
[SourceDate "2014.12.23"]
[SourceVersion "1"]
[SourceVersionDate "2014.12.23"]
[SourceQuality "1"]

1. e4 e5 2. f4 exf4 3. Bc4 Nf6 4. Nf3 d5 5. exd5 Nxd5 6. 0-0 Be7 7. Bxd5 Qxd5 8. Nc3 Qh5 9. d4 0-0 10. Bxf4 c5 11. d5 Rd8 12. Ne5 Qxd1 13. Raxd1 f6 14. Nc4 b6 15. Rfe1 Bf8 16. Nd6 Bd7 17. Nb7 Re8 18. Rxe8 Bxe8 19. Ne4 Bg6 20. Re1 Nd7 21. Nbd6 b5 22. Bg3 a6 23. b3 b4 24. c4 bxc3 25. Nxc3 Ne5 26. Bxe5 fxe5 27. Nc4 e4 28. Re2 Rd8 29. Ne5 Bf5 30. g4 Bc8 31. Rxe4 Bb7 32. Nc6 Bxc6 33. dxc6 Rc8 34. Rc4 Rxc6 35. Ne4 a5 36. Kf2 h6 37. Kf3 Kf7 38. h4 Be7 39. h5 Ke6 40. Nc3 Bf6 41. Re4+ Kf7 42. Nd5 Re6 43. Rxe6 Kxe6 44. Ke4 Bg5 45. Nb6 Bd8 46. Nc4 Bc7 47. a4 Bd8 48. Ne3 Bg5 49. Nd5 Bd2 50. Nc7+ Kd7 51. Nb5 Kc6 52. Na3 Bc3 53. Nc4 Bb4 54. Ke5 Bc3+ 55. Ke6 Bb4 56. Ne5+ Kc7 57. Kd5 Kb7 58. Nd7 Ka6 59. Nxc5+ Kb6 60. Nd3 Bc3 61. Kc4 Bd2 62. b4 axb4 63. Nxb4 Bg5 64. Kd5 Ka5 65. Nc6+ Kxa4 66. Nd4 Kb4 67. Nf5 Bf6 68. Ke6 Kc4 69. Nxh6 Bg5 70. Nf5 Bh6 71. Nxh6 gxh6 72. g5 1-0

[Event "Goiania-ch Phase 03"]
[Site "Goiania"]
[Date "2014.08.09"]
[Round "4"]
[White "Amaro, Jose Roberto"]
[Black "Vieira Junior, Emivaldo"]
[Result "1-0"]
[WhiteElo "1845"]
[BlackElo "1932"]
[PlyCount "65"]
[EventDate "2014.08.08"]
[EventType "swiss"]
[EventRounds "6"]
[EventCountry "BRA"]
[SourceTitle "CBM 162 Extra"]
[Source "ChessBase"]
[SourceDate "2014.10.17"]
[SourceVersion "1"]
[SourceVersionDate "2014.10.17"]
[SourceQuality "1"]

1. e4 e6 2. d4 d5 3. Nc3 Bb4 4. e5 c5 5. a3 Bxc3+ 6. bxc3 Ne7 7. Nf3 Nbc6 8. Bd3 c4 9. Be2 0-0 10. 0-0 f6 11. exf6 gxf6 12. Nh4 Ng6 13. Nf3 Qa5 14. Bd2 e5 15. dxe5 fxe5 16. Ng5 Nf4 17. Bg4 h6 18. Bxf4 Rxf4 19. Bxc8 Rxc8 20. Ne6 Rcf8 21. Nxf4 Rxf4 22. g3 Rf7 23. Qg4+ Kh7 24. Qe6 Kg7 25. Rad1 Qxa3 26. Rxd5 Qxc3 27. Rd7 Qf3 28. Rxf7+ Qxf7 29. Qg4+ Qg6 30. Qxc4 Qf5 31. c3 Qc2 32. Qg4+ Qg6 33. Qd7+ 1-0

[Event "Goiania-ch Phase 03"]
[Site "Goiania"]
[Date "2014.08.09"]
[Round "3"]
[White "Vieira Junior, Emivaldo"]
[Black "Rosa, Paulo Estevao"]
[Result "1-0"]
[WhiteElo "1932"]
[BlackElo "1703"]
[PlyCount "103"]
[EventDate "2014.08.08"]
[EventType "swiss"]
[EventRounds "6"]
[EventCountry "BRA"]
[SourceTitle "CBM 162 Extra"]
[Source "ChessBase"]
[SourceDate "2014.10.17"]
[SourceVersion "1"]
[SourceVersionDate "2014.10.17"]
[SourceQuality "1"]

1. e4 c6 2. d4 d5 3. exd5 cxd5 4. f4 Nf6 5. Bd3 Nc6 6. c3 Bg4 7. Nf3 e6 8. 0-0 Bd6 9. h3 Bh5 10. f5 exf5 11. Bxf5 0-0 12. Bg5 Qb6 13. Qb3 Qxb3 14. axb3 Ne4 15. Bxe4 dxe4 16. Nh4 Be2 17. Re1 Bd3 18. Nf5 Bc7 19. Nd2 f6 20. Bh4 Rfe8 21. g4 b5 22. Bg3 e3 23. Nf1 e2 24. Nd2 Bb6 25. b4 g6 26. Nh4 Nxd4 27. cxd4 Bxd4+ 28. Bf2 Bxb2 29. Rxa7 Rxa7 30. Bxa7 Bc3 31. Nhf3 Bxb4 32. Bf2 Bc3 33. Rc1 b4 34. Be1 Rb8 35. Nb3 Bb2 36. Rc7 Rd8 37. Kf2 Be4 38. Nc5 Bd4+ 39. Nxd4 Rxd4 40. Nxe4 Rxe4 41. Rb7 f5 42. Rxb4 Rxb4 43. Bxb4 fxg4 44. hxg4 Kf7 45. g5 Ke6 46. Kxe2 Kf5 47. Bd2 Kg4 48. Kd3 Kf5 49. Kd4 Ke6 50. Ke4 Kd6 51. Be1 Ke6 52. Bg3 1-0

[Event "Goiania-ch Phase 02"]
[Site "Goiania"]
[Date "2014.05.25"]
[Round "6"]
[White "Vieira Junior, Emivaldo"]
[Black "Froes, Leonardo Sanches"]
[Result "1/2-1/2"]
[WhiteElo "1919"]
[BlackElo "1966"]
[PlyCount "47"]
[EventDate "2014.05.23"]
[EventType "swiss"]
[EventRounds "6"]
[EventCountry "BRA"]
[SourceTitle "EXT 2016"]
[Source "ChessBase"]
[SourceDate "2015.10.08"]
[SourceVersion "1"]
[SourceVersionDate "2015.10.08"]
[SourceQuality "1"]

1. e3 e5 2. d4 exd4 3. exd4 d5 4. Bd3 Bd6 5. Nc3 c6 6. Nge2 Bg4 7. f3 Bh5 8. Bf4 Bg6 9. Bxd6 Qxd6 10. Qd2 Bxd3 11. Qxd3 Nd7 12. 0-0-0 0-0-0 13. Ng3 g6 14. Rde1 Ngf6 15. Re2 Rhe8 16. Rhe1 Nf8 17. Rxe8 Rxe8 18. Rxe8+ Nxe8 19. Qe3 Ne6 20. Nce2 h5 21. Nf1 Nf6 22. g3 Kd7 23. Nd2 Ng7 24. Qe5 1/2-1/2

[Event "Goiania-ch Phase 02"]
[Site "Goiania"]
[Date "2014.05.24"]
[Round "4"]
[White "Vieira Junior, Emivaldo"]
[Black "De Moura, Valderi Nascimento"]
[Result "1-0"]
[WhiteElo "1919"]
[BlackElo "1825"]
[PlyCount "83"]
[EventDate "2014.05.23"]
[EventType "swiss"]
[EventRounds "6"]
[EventCountry "BRA"]
[SourceTitle "EXT 2016"]
[Source "ChessBase"]
[SourceDate "2015.10.08"]
[SourceVersion "1"]
[SourceVersionDate "2015.10.08"]
[SourceQuality "1"]

1. d4 e6 2. e4 d5 3. exd5 exd5 4. Bd3 g6 5. Nc3 Bg7 6. Nge2 Nf6 7. Bg5 a6 8. Qd2 Qd6 9. 0-0-0 Be6 10. Nf4 Nbd7 11. Nxe6 fxe6 12. Rde1 0-0-0 13. Bf4 Qc6 14. Be2 Nb6 15. Qd3 Rde8 16. b3 Kb8 17. a4 Nbd7 18. Bf3 h5 19. Qd2 Rd8 20. Na2 Rde8 21. Nb4 Qb6 22. a5 Qa7 23. Qc3 Ka8 24. Be3 Qb8 25. Qd3 Rhg8 26. c4 c6 27. c5 Bf8 28. Nxa6 bxa6 29. Qxa6+ Qa7 30. Qxc6+ Qb7 31. Qxb7+ Kxb7 32. b4 Ra8 33. Bd2 Ne8 34. b5 Bxc5 35. dxc5 Nxc5 36. Rxe6 Nxe6 37. Bxd5+ Kb8 38. Bxe6 Rf8 39. Bd5 Rxa5 40. Bxa5 Rxf2 41. Re1 Nd6 42. Re6 1-0

[Event "Goiania-ch Phase 02"]
[Site "Goiania"]
[Date "2014.05.24"]
[Round "3"]
[White "Vieira Junior, Emivaldo"]
[Black "De Paula, Guilherme Bueno"]
[Result "1-0"]
[WhiteElo "1919"]
[BlackElo "1972"]
[PlyCount "55"]
[EventDate "2014.05.23"]
[EventType "swiss"]
[EventRounds "6"]
[EventCountry "BRA"]
[SourceTitle "EXT 2016"]
[Source "ChessBase"]
[SourceDate "2015.10.08"]
[SourceVersion "1"]
[SourceVersionDate "2015.10.08"]
[SourceQuality "1"]

1. e4 c5 2. Nf3 e6 3. d4 cxd4 4. Nxd4 Nf6 5. Nc3 e5 6. Nf5 d5 7. Bg5 Bxf5 8. Bxf6 gxf6 9. exf5 Bb4 10. a3 Bxc3+ 11. bxc3 Qa5 12. Qd2 Nc6 13. f3 0-0-0 14. Be2 d4 15. c4 Qc5 16. Bd3 Rhg8 17. 0-0 Rg5 18. Kh1 Rdg8 19. Rg1 h5 20. h4 R5g7 21. Qh6 Qe7 22. Rab1 Na5 23. Be4 Kc7 24. c5 Qxc5 25. Qxf6 b5 26. Qa6 Qb6 27. Qxb5 Qxb5 28. Rxb5 1-0

[Event "Goiania-ch Phase 02"]
[Site "Goiania"]
[Date "2014.05.23"]
[Round "2"]
[White "Sergio, Claudio Santos"]
[Black "Vieira Junior, Emivaldo"]
[Result "0-1"]
[WhiteElo "2049"]
[BlackElo "1919"]
[PlyCount "109"]
[EventDate "2014.05.23"]
[EventType "swiss"]
[EventRounds "6"]
[EventCountry "BRA"]
[SourceTitle "EXT 2016"]
[Source "ChessBase"]
[SourceDate "2015.10.08"]
[SourceVersion "1"]
[SourceVersionDate "2015.10.08"]
[SourceQuality "1"]

1. e4 e6 2. Qe2 Nf6 3. d3 d5 4. Nd2 b6 5. e5 Nfd7 6. g3 Bb7 7. Bg2 c5 8. Ngf3 Nc6 9. 0-0 Be7 10. Re1 g5 11. g4 h5 12. h3 hxg4 13. hxg4 Qc7 14. Nf1 0-0-0 15. c3 Rdg8 16. d4 Nd8 17. Bd2 Kb8 18. Rec1 f5 19. exf6 Bxf6 20. c4 dxc4 21. dxc5 Bxb2 22. cxb6 Nxb6 23. Bc3 Bxc3 24. Rxc3 Qh7 25. Qe5+ Ka8 26. a4 Nd5 27. Rxc4 Nf4 28. Rc8+ Bxc8 29. Nxg5+ Nxg2 30. Nxh7 Bb7 31. Nf6 Ne1 32. Nh2 Nf3+ 33. Nxf3 Bxf3 34. Nh5 Rxg4+ 35. Kf1 Rh4 36. Ke1 Re4+ 37. Qxe4+ Bxe4 38. Ng3 Bd5 39. Rb1 Nc6 40. Kd2 Rb8 41. Rxb8+ Kxb8 42. f4 a5 43. f5 e5 44. f6 Kc7 45. Ne4 Nd8 46. Nc3 Bc6 47. Kd3 Kd6 48. Kc4 Nb7 49. Nb5+ Ke6 50. Na7 Bxa4 51. f7 Nd6+ 52. Kc5 Nxf7 53. Kb6 Bd7 54. Kxa5 Kd5 55. Kb4 0-1

[Event "Goiania-ch Phase 04 "]
[Site "Goiania"]
[Date "2013.11.08"]
[Round "2"]
[White "Valente, Fernando Cesar"]
[Black "Vieira Junior, Emivaldo"]
[Result "0-1"]
[WhiteElo "1473"]
[BlackElo "1885"]
[PlyCount "76"]
[EventDate "2013.11.08"]
[EventType "swiss"]
[EventRounds "6"]
[EventCountry "BRA"]
[SourceTitle "EXT 2016"]
[Source "ChessBase"]
[SourceDate "2015.10.08"]
[SourceVersion "1"]
[SourceVersionDate "2015.10.08"]
[SourceQuality "1"]

1. e4 e6 2. Nc3 d5 3. Nf3 Nf6 4. e5 Nfd7 5. d4 c5 6. dxc5 Bxc5 7. Bd3 Nc6 8. Bf4 Qb6 9. 0-0 Qxb2 10. Nb5 Rb8 11. Bd2 d4 12. Qe2 a6 13. Rfb1 Qxa1 14. Nc7+ Kd8 15. Nxe6+ fxe6 16. Rxa1 b5 17. Bg5+ Kc7 18. Bf4 h6 19. h4 Nb6 20. Qe4 Bd7 21. Bd2 Na4 22. Qg6 Rbf8 23. Be4 Ne7 24. Qg3 Nc3 25. Bxc3 dxc3 26. Rd1 g5 27. Nd4 b4 28. Qd3 Kb6 29. Qg3 Rf4 30. f3 Nf5 31. Bxf5 Rxd4 32. Rxd4 Bxd4+ 33. Kh2 exf5 34. Qe1 Be6 35. a4 Rd8 36. Qe2 Rd5 37. Qc4 Bc5 38. Qe2 Rd2 0-1

[Event "Goias Interior-ch "]
[Site "Trindade"]
[Date "2013.08.18"]
[Round "5"]
[White "Vieira Junior, Emivaldo"]
[Black "Di Simoni, Rafaela Moura"]
[Result "1-0"]
[WhiteElo "1911"]
[BlackElo "1594"]
[PlyCount "59"]
[EventDate "2013.08.16"]
[EventType "swiss"]
[EventRounds "6"]
[EventCountry "BRA"]
[SourceTitle "EXT 2015"]
[Source "ChessBase"]
[SourceDate "2014.11.20"]
[SourceVersion "1"]
[SourceVersionDate "2014.11.20"]
[SourceQuality "1"]

1. g4 c5 2. h4 Nc6 3. Bg2 d6 4. e3 e6 5. f4 d5 6. b3 Be7 7. g5 Bd7 8. Bb2 Qc7 9. Bxg7 0-0-0 10. Bxh8 d4 11. Nf3 dxe3 12. dxe3 f6 13. Nbd2 Nb4 14. c3 Nd5 15. Kf2 Bc6 16. c4 Nc3 17. Qc2 Qa5 18. Rhc1 Bxf3 19. Bxf3 Rxd2+ 20. Qxd2 Ne4+ 21. Bxe4 Qxd2+ 22. Kf3 fxg5 23. hxg5 Qd7 24. Rh1 Bxg5 25. fxg5 Qf7+ 26. Ke2 Qc7 27. Rxh7 Qg3 28. Rf1 Qd6 29. Be5 Qd8 30. Bxb7# 1-0

[Event "Goias Interior-ch "]
[Site "Trindade"]
[Date "2013.08.16"]
[Round "1"]
[White "Vieira Junior, Emivaldo"]
[Black "Rezende, Guilherme Vilela"]
[Result "0-1"]
[WhiteElo "1911"]
[BlackElo "2091"]
[PlyCount "70"]
[EventDate "2013.08.16"]
[EventType "swiss"]
[EventRounds "6"]
[EventCountry "BRA"]
[SourceTitle "EXT 2015"]
[Source "ChessBase"]
[SourceDate "2014.11.20"]
[SourceVersion "1"]
[SourceVersionDate "2014.11.20"]
[SourceQuality "1"]

1. e3 Nf6 2. b3 e5 3. Bb2 Nc6 4. Nf3 d6 5. d4 e4 6. Nfd2 Bg4 7. Be2 h5 8. a3 Qd7 9. c4 Be7 10. Nc3 Bf5 11. Qc2 Bg6 12. Ndxe4 Nxe4 13. Nxe4 0-0 14. Bd3 f5 15. Nc3 Bg5 16. 0-0-0 Nxd4 17. Qb1 Nxb3+ 18. Kc2 Nc5 19. Rhe1 Rae8 20. Kc1 Nxd3+ 21. Qxd3 Re6 22. Ne2 f4 23. Qd5 Rf5 24. Qxb7 fxe3 25. f3 Rc5 26. Qb3 Re8 27. f4 Qf5 28. Bd4 Ra5 29. Kb2 Bf6 30. Bxf6 Qxf6+ 31. Qc3 Rb8+ 32. Ka2 Qxc3 33. Nxc3 Bc2 34. Rb1 Bxb1+ 35. Nxb1 Rc5 0-1